Normal view MARC view
  • Jaisingh.S.etal

Entry Personal Name

Number of records used in: 3

001 - CONTROL NUMBER

  • control field: 549

003 - CONTROL NUMBER IDENTIFIER

  • control field: OSt

005 - DATE AND TIME OF LATEST TRANSACTION

  • control field: 20160916082357.0

008 - FIXED-LENGTH DATA ELEMENTS

  • fixed length control field: 160916|| aca||aabn | a|a d

040 ## - CATALOGING SOURCE

  • Original cataloging agency: OSt

100 ## - HEADING--PERSONAL NAME

  • Personal name: Jaisingh.S.etal

Powered by Koha